| 000 | 00410nam a22001457a 4500 | ||
|---|---|---|---|
| 005 | 20251124160105.0 | ||
| 008 | 251124b |||||||| |||| 00| 0 eng d | ||
| 020 | _a978-1-4743-0113-8 | ||
| 100 | _aHERRING, WENDY | ||
| 245 | _aTHE ALL ENGLAND LAW REPORTS 2016, VOLUME 3 | ||
| 260 |
_aLONDON _bLEXISNEXIS _c2016 |
||
| 300 | _aXXII, 1068P. | ||
| 650 | _aLAW REPORTS, DIGEST-ENGLAND , WALES | ||
| 942 |
_2lcc _cREF |
||
| 999 |
_c216269 _d216269 |
||